Science Quiz

Random Science or Math Quiz

Parts of a Circle Quiz Stats

 Plays Quiz Updated Mar 17, 2020

Support Sporcle.
Go Orange.
Score 0/7 Timer 04:00
1 Play Today
% Correct
Radius
97.8%
Diameter
95.7%
Center
85.6%
Arc
65.6%
Chord
44.1%
Sector
33.8%
Segment
22.9%

From the Vault

Around the Perimeter of Saudi Arabia

by mg10

Geography 90s
We're just totally ignoring the whole interior of the country right now.
Remove Ads.
Support Sporcle.
Get the best of Sporcle when you Go Orange. This ad-free experience offers more features, more stats, and more fun while also helping to support Sporcle. Thank you for becoming a member.

Show Comments

Extras

Top Quizzes Today


Score Distribution

Your Account Isn't Verified!

In order to create a playlist on Sporcle, you need to verify the email address you used during registration. Go to your Sporcle Settings to finish the process.

Report this User

Report this user for behavior that violates our Community Guidelines.

Details: